Central Library OPAC University of Rajshahi

A higher school certificate inorganic chemistry / (Record no. 72219)

MARC details
000 -LEADER
fixed length control field 00732nam a2200241 a 4500
001 - CONTROL NUMBER
control field 72219
003 - CONTROL NUMBER IDENTIFIER
rucl marc code BD-RjUL
005 - DATE AND TIME OF LATEST TRANSACTION
control field 20211209082227.0
008 - FIXED-LENGTH DATA ELEMENTS--GENERAL INFORMATION
fixed length control field 170415r19581952enka 001 0 eng d
035 ## - SYSTEM CONTROL NUMBER
System control number (BD-RjUL)72435
040 ## - CATALOGING SOURCE
Original cataloging agency EQO
Transcribing agency EQO
Language of cataloging eng
Modifying agency BD-RjUL
041 ## - LANGUAGE CODE
Language code of text/sound track or separate title eng
082 ## - DEWEY DECIMAL CLASSIFICATION NUMBER
Edition number 23
Classification number 546
Author mark and year HOH 1958
100 1# - MAIN ENTRY--PERSONAL NAME
Personal name Holmyard, Eric John
9 (RLIN) 208466
245 12 - TITLE STATEMENT
Title A higher school certificate inorganic chemistry /
Statement of responsibility, etc. Eric John Holmyard ; W. G. Palmer-rev. coll.
250 ## - EDITION STATEMENT
Edition statement New ed.
260 ## - PUBLICATION, DISTRIBUTION, ETC. (IMPRINT)
Place of publication, distribution, etc. London :
Name of publisher, distributor, etc. J.M. Dent & Sons,
Date of publication, distribution, etc. 1952 [reprinted 1958]
300 ## - PHYSICAL DESCRIPTION
Pagination xii, 532 p. :
Illustrations ill. ;
Size 23 cm.
500 ## - GENERAL NOTE
General note Includes index
650 ## - SUBJECT ADDED ENTRY--TOPICAL TERM
Topical term or geographic name as entry element Chemistry, Inorganic
9 (RLIN) 117207
700 ## - ADDED ENTRY--PERSONAL NAME
Personal name Palmer W. G.
942 ## - ADDED ENTRY ELEMENTS (KOHA)
Source of classification or shelving scheme Dewey Decimal Classification
Koha item type Books
Holdings
Lost status Source of classification or shelving scheme Damaged status Not for loan Collection code Permanent Location Current Location Shelving location Date acquired Source of acquisition Cost, normal purchase price Total Checkouts Full call number Date last seen Copy number Koha item type
  Dewey Decimal Classification   Not For Loan Non-fiction Central Library, University of Rajshahi Central Library, University of Rajshahi Reading Room 27/06/1988 N/A 0.00   546 HOH 1958 15/05/2017 C-1 Books